| 000 | 00405nam a2200157Ia 4500 | ||
|---|---|---|---|
| 003 | GCL | ||
| 008 | 140319s9999 xx 000 0 ara d | ||
| 040 |
_aGCL / _cGCL |
||
| 082 | 0 | 4 |
_a791.43 _bس س |
| 100 | 1 | _aسمير فريد | |
| 245 | 1 | 0 |
_aسينما 70 / _cسمير فريد |
| 490 | _a | ||
| 650 | 0 | 4 | _aالافلام السينمائية |
| 650 | 0 | 4 | _aالسينما - افلام |
| 942 |
_2ddc _cBK |
||
| 999 |
_c39993 _d39993 |
||